Youtubeur Nintendo - Statistiques

Statistiques générales
  • Ce quiz a été pris 73 fois
  • Le résultat moyen est 2 sur 6
Statistiques - réponses
Nombre d'abonnés Nom de leur chaînes % Correct
565 K Laupok
67%
1,25 M Farod
48%
94,6 K Julgane
26%
236 K Edward
19%
254 K Bronol
7%
5,41 M SMG4
3%
Aucun quiz correspondant
Distribution des résultats
% des personnes avec chaque résultat
Percentile par nombre de réponses
Votre historique - résultats
Vous n’avez pas pris ce quiz